| 000 | 00612nam a2200217 a 4500 | ||
|---|---|---|---|
| 001 | 1090840 | ||
| 005 | 20241114120248.0 | ||
| 008 | 920320s1992 flua 001 0 eng | ||
| 020 | _a0943202396 (pbk.) | ||
| 050 | 0 | 0 |
_aQA39.2 _b.G519 1992 |
| 082 | 0 | 0 |
_a510 _220 |
| 100 | 1 | _aGill, Jack | |
| 245 | 1 | 0 |
_aCompetency in college mathematics / _cJack Gill, Robert Blitzer. |
| 250 | _a5th ed. | ||
| 260 |
_aClearwater, FL : _bH&H Pub. Co., _cc1992. |
||
| 300 |
_avii, 643 p. : _bill. ; _c24 cm. |
||
| 500 | _aIncludes index. | ||
| 650 | 0 | _aMathematics. | |
| 700 | 1 | _aBlitzer, Robert. | |
| 942 |
_2lcc _cBK _e5th Ed. _n0 |
||
| 999 |
_c1182 _d1182 |
||